000 00529nam a2200205Ia 4500
003 OSt
005 20220926035713.0
006 a|||||r|||| 00| 0
007 ta
008 220923b |||||||| |||| 00| 0 eng d
037 _cGeneral Book
040 _aRTL
_cRTL
_beng
041 _2eng
_aeng
082 _aX:57.1-3, J8
100 _aBareau Paul
_9342653
245 0 _aFuture of the sterling systems
650 _aForeign Exchange
942 _hX:57.1-3, J8
_cGB
_2CC
999 _c662867
_d662867